El tiempo es un sueño /
Guardado en:
| Autor Principal: | |
|---|---|
| Formato: | Libro |
| Materias: | |
| Etiquetas: |
Agregar Etiqueta
Sin Etiquetas, Sea el primero en etiquetar este registro!
|
| LEADER | 00444nam a22001575a 4500 | ||
|---|---|---|---|
| 001 | EHU.bham009608 | ||
| 003 | AR-BHAM | ||
| 005 | 20080103173557.0 | ||
| 008 | 130507b######################000#0#####d | ||
| 082 | 8 | 4 | |a 842.9 |
| 100 | 1 | |a Lenormand, Henri | |
| 245 | 1 | 0 | |a El tiempo es un sueño / |c Henri Lenormand |
| 300 | |a 49 p. | ||
| 500 | |a Edicion Mimeografiada | ||
| 653 | |a Teatro frances-1901- | ||
| 859 | |a AR-BHAM |b BIB. HUMANIDADES - General |h 842.9 |i L548 |p 259.81 |t Ej.1 | ||
